000 00603nam a2200181Ia 4500
008 090124s9999 xx 000 0 und d
082 _b16563
100 _aपटवर्धन वि. मा. दी.
245 _a रत्ने आणि पैलू
250 _a1
260 _bपरिमल प्रकाशन
_c1983
300 _a128
600 _aपटवर्धन वि. मा. दी.
630 _a रत्ने आणि पैलू
700 _aपटवर्धन वि. मा. दी.
730 _a रत्ने आणि पैलू
942 _cBOOK
999 _c88786
_d88786